Learn about the human body

Bibliographic Details
Main Author: Koay, Mary
Corporate Author: Title
Format: Book
Published: Selangor : Pintar Firus , 2004
Series:Let's learn basic science
Subjects:

MARC

LEADER 00000cam a2200000 7i4500
001 0000068453
005 20161129.0
008 070828
020 |a 9832673259(set) 
020 |a 9832673305 
090 0 0 |a JF   |b SC ENG 
100 1 |a Koay, Mary 
245 1 0 |a Learn about the human body   |c Mary Koay 
260 |a Selangor :   |b Pintar Firus ,   |c 2004 
440 |a Let's learn basic science 
500 |a Children ages 7-9 years old (orange) 
650 0 |a Force and energy   |x Juvenile literature 
710 0 |a Title 
999 |a 0000951550   |b Book   |c Children Collection   |e Cawangan Bandar Penawar 
999 |a 0001070990   |b Book   |c Children Collection   |e Cawangan Segamat